| 000 | 00673nam a2200205 i 4500 | ||
|---|---|---|---|
| 001 | 91327 | ||
| 003 | ES-MaACL | ||
| 007 | t| | ||
| 008 | 050128s1978 fr ||||1| fre d | ||
| 100 | 1 |
_aLeveille-Mourin, Geneviève. _971922 |
|
| 245 | 1 | 3 |
_aLe langage chrétien, antichrétien de la transcendance _b: Pascal-Nietzcshe / _cpar Geneviève Léveillé-Mourin. |
| 260 |
_aParís : _bJ. Vrin, _c1978. |
||
| 300 |
_a144 p. ; _c22 cm. |
||
| 490 | 1 | _aBibliothèque d'histoire de la philosophie | |
| 500 | _aIndice. | ||
| 504 | _aBibliografia. | ||
| 830 | 0 |
_aBibliothèque d'histoire de la philosophie _9177275 |
|
| 852 |
_aES-MaACL _jG-1371 _bR.113802 |
||
| 999 |
_c91327 _d91327 |
||